Využitie experimentálnych metód pri ochrane a podpore zdravia obyvateľstva : II. vedecká konferencia : 6.- 8. septembra 2010 Košice : zborník príspevkov /
Uložené v:
| Hlavní autori: | , |
|---|---|
| Korporatívny autor: | |
| Médium: | Kniha |
| Jazyk: | Slovak Czech English |
| Vydané: |
Košice :
Univerzita Pavla Jozefa Šafárika v Košiciach,
2010.
|
| Vydanie: | 1. vyd. |
| Témy: | |
| ISBN: |
9788070978467 (brož.) |
| Fyzický popis: |
305 s. : fotogr., grafy, mp., tab. ; 30 cm. |
| Tagy: |
Pridať tag
Žiadne tagy, Buďte prvý kto otaguje tento záznam!
|
Titul je dostupný aj v ... 

MARC
| LEADER | 00000nam a2200000 a 4500 | ||
|---|---|---|---|
| 001 | 000450430 | ||
| 005 | 20140709130521.0 | ||
| 008 | 110204s2010 xo bdlog 100 0 slo d | ||
| 020 | |a 9788070978467 (brož.) | ||
| 040 | |a SVKKK |b slo |c SVKKK |e AACR2 | ||
| 041 | 0 | |a slo |a cze |a eng |b slo |b cze |b eng | |
| 044 | |a xo |c SK | ||
| 072 | 7 | |a 613 |x Hygiena. Ľudské zdravie |2 konspekt | |
| 072 | 7 | |a 502 |x Životné prostredie a jeho ochrana |2 konspekt | |
| 080 | |a 314 |2 2001 | ||
| 080 | |a 613 |2 2001 | ||
| 080 | |a 502.17 |2 2001 | ||
| 080 | |a (062.534) |2 2001 | ||
| 111 | 2 | |a Využitie experimentálnych metód pri ochrane a podpore zdravia obyvateľstva |n (2. : |d 2010 : |c Košice, Slovensko) | |
| 245 | 1 | 0 | |a Využitie experimentálnych metód pri ochrane a podpore zdravia obyvateľstva : |b II. vedecká konferencia : 6.- 8. septembra 2010 Košice : zborník príspevkov / |c [editori Gabriela Holéczyová a Jozef Ivan]. |
| 250 | |a 1. vyd. | ||
| 260 | |a Košice : |b Univerzita Pavla Jozefa Šafárika v Košiciach, |c 2010. | ||
| 300 | |a 305 s. : |b fotogr., grafy, mp., tab. ; |c 30 cm. | ||
| 366 | |e 120 výtl. | ||
| 500 | |a Údaj o edit. prevzatý z rubu titul. strany | ||
| 500 | |a Abeced. zoznam aut. príspevkov | ||
| 504 | |a Bibl. odkazy | ||
| 546 | |a Čiastočne text aj čes., angl. | ||
| 546 | |a Abstrakt slov., angl., čes. | ||
| 650 | 0 | 7 | |a obyvateľstvo |2 SVKKKPH |
| 650 | 0 | 7 | |a ochrana zdravia |2 SVKKKPH |
| 655 | 7 | |a zborníky konferencií |2 SVKKKPH | |
| 700 | 1 | |a Holéczyová, Gabriela, |d 1947- |4 edt |4 aut | |
| 700 | 1 | |a Ivan, Jozef |4 edt |4 aut | |
| 910 | |a svkkk | ||
| 919 | |a 978-80-7097-846-7 | ||
| 998 | |a BK | ||
| 090 | |g SCKHL |k Sklad Hlavná 10 prízemie |a V.231664 |j 1053741 |i 2720304445 |s Absenčne | ||